عالم متعدد الابعاد : (Record no. 63843)
[ view plain ]
| 000 -الفاتح | |
|---|---|
| حقل البيانات ثابتة الطول | 00948nam a22002417a 4500 |
| 005 - وقت وتاريخ اخر تعامل مع التسجيلة | |
| رقم الضبط | 20240530110701.0 |
| 008 - عناصر البيانات ثابتة الطول - معلومات عامة | |
| حقل البيانات ثابتة الطول | 171225s2015 ua a f b 000 0dara d |
| 017 ## - رقم الايداع القانونى | |
| رقم الايداع القانونى | 2015/2502 |
| المصدر ( الهيئة المختصة) | مصر. دار الكتب |
| 020 ## - الرقم الدولى المعيارى للكتب | |
| الرقم الدولى المعيارى للكتاب | 9789777650255 |
| 040 ## - مصدر الفهرسة | |
| وكالة الفهرسة الأصلية | EG-CaGPL |
| وكالة النسخ | EG-CaGPL |
| 082 04 - رقم تصنيف ديوى العشرى | |
| رقم الطبعة | 21 |
| رقم التصنيف | 300.1\ |
| رقم المادة | ل ع |
| 100 1# - المدخل الرئيسى - إسم شخصى | |
| الإسم الشخصى | لايير ، برنار |
| 245 10 - بيان العنوان | |
| العنوان | عالم متعدد الابعاد : |
| بقية العنوان | تأملات فى وحدة العلوم الاجتماعية / |
| بيان المسئوليه,etc | تأليف برنار لايير ؛ ترجمة بشير السباعى . |
| 250 ## - بيان الطبعة | |
| بيان الطبعة | ط.1 |
| 260 ## - PUBLICATION, DISTRIBUTION, ETC. (IMPRINT) | |
| تاريخ النشر أو التوزيع | 2015 . |
| 300 ## - الوصف المادى | |
| التعداد | 343 ص. ؛ |
| أبعاد الوعاء | 24 سم. |
| 490 ## - بيان السلسلة | |
| عنوان السلسلة | المركز القومى للترجمة ؛ |
| رقم المجلد/ التعيين التسلسلي | 2712 |
| 650 07 - المدخل الاضافى بالموضوع-مصطلح موضوعى | |
| مصدر الرأس أو المصطلح | qrmak |
| مصطلح موضوعي | العلوم الاجتماعية |
| 651 ## - المدخل الاضافى بالموضوع - اسم جغرافى | |
| مصدر الرأس أو المصطلح | qrmak |
| 700 0# - المدخل الاضافى - اسم شخصى | |
| الإسم الشخصى | بشير السباعى |
| الدور | مترجم |
| 942 ## - عناصر المدخل الإضافي( كوها) | |
| مصدر التصنيف او مخطط الترفيف | Dewey Decimal Classification |
| Koha [default] item type | كتاب |
| 260 ## - PUBLICATION, DISTRIBUTION, ETC. (IMPRINT) | |
| -- | القاهرة : |
| -- | المركز القومى للترجمة ، |
| حالة التراجع | حالة الفقد | حالة تلف | ليس للاعارة | المكان المؤقت | الموقع الحالى | موقع الترفيف | تاريخ الاكتساب | اجمالي اﻻعارات | رقم الطلب | الباركود | تاريخ اخر مشاهدة | تاريخ تفعيل السعر | نوع وعاء كوها |
|---|---|---|---|---|---|---|---|---|---|---|---|---|---|
| مكتبة القاهرة الكبرى | مكتبة القاهرة الكبرى | القاعة الرئيسية | 01/10/2018 | 300.1\ ل ع | 163956 | 01/10/2018 | 01/10/2018 | كتاب |

